|
|
|
|
| LEADER |
00000cam a22000004a 4500 |
| 001 |
musev2_44942 |
| 003 |
MdBmJHUP |
| 005 |
20230905044712.0 |
| 006 |
m o d |
| 007 |
cr||||||||nn|n |
| 008 |
160309s2016 scu o 00 0 eng d |
| 020 |
|
|
|a 9781611176438
|
| 020 |
|
|
|z 9781611176421
|
| 035 |
|
|
|a (OCoLC)944187154
|
| 040 |
|
|
|a MdBmJHUP
|c MdBmJHUP
|
| 100 |
1 |
|
|a Bathanti, Joseph.
|
| 245 |
1 |
0 |
|a East Liberty :
|b A Novel /
|c Joseph Bathanti ; with a new foreword by Fred Gardaphe.
|
| 264 |
|
1 |
|a Columbia, South Carolina :
|b University of South Carolina Press,
|c [2016]
|
| 264 |
|
3 |
|a Baltimore, Md. :
|b Project MUSE,
|c 2016
|
| 264 |
|
4 |
|c ©[2016]
|
| 300 |
|
|
|a 1 online resource (112 pages).
|
| 336 |
|
|
|a text
|b txt
|2 rdacontent
|
| 337 |
|
|
|a computer
|b c
|2 rdamedia
|
| 338 |
|
|
|a online resource
|b cr
|2 rdacarrier
|
| 505 |
0 |
|
|a Cover; East Liberty; Title; Copyright; Foreword; Chapter 1; Chapter 2; Chapter 3; Chapter 4; Chapter 5; Chapter 6; Chapter 7; Chapter 8; Chapter 9; Chapter 10; Chapter 11; Chapter 12; Chapter 13
|
| 520 |
|
|
|a A fatherless boy is conflicted by his Catholic upbringing and his dreams in this coming-of-age novel.
|
| 588 |
|
|
|a Description based on print version record.
|
| 650 |
|
7 |
|a Teenage boys.
|2 fast
|0 (OCoLC)fst01145373
|
| 650 |
|
7 |
|a Mothers and sons.
|2 fast
|0 (OCoLC)fst01027007
|
| 650 |
|
7 |
|a FICTION
|x Literary.
|2 bisacsh
|
| 650 |
|
7 |
|a FICTION
|x General.
|2 bisacsh
|
| 650 |
|
6 |
|a Meres et fils
|v Romans, nouvelles, etc.
|
| 650 |
|
6 |
|a Garçons adolescents
|v Romans, nouvelles, etc.
|
| 650 |
|
0 |
|a Mothers and sons
|v Fiction.
|
| 650 |
|
0 |
|a Teenage boys
|v Fiction.
|
| 651 |
|
7 |
|a Pennsylvania
|z Pittsburgh
|z East Liberty.
|2 fast
|0 (OCoLC)fst01313799
|
| 651 |
|
0 |
|a East Liberty (Pittsburgh, Pa.)
|v Fiction.
|
| 655 |
|
7 |
|a Bildungsromans.
|2 gsafd
|
| 655 |
|
7 |
|a Fiction.
|2 fast
|0 (OCoLC)fst01423787
|
| 655 |
|
7 |
|a Electronic books.
|2 local
|
| 710 |
2 |
|
|a Project Muse.
|e distributor
|
| 830 |
|
0 |
|a Book collections on Project MUSE.
|
| 856 |
4 |
0 |
|z Texto completo
|u https://projectmuse.uam.elogim.com/book/44942/
|
| 945 |
|
|
|a Project MUSE - Custom Collection
|
| 945 |
|
|
|a Project MUSE - 2016 Complete
|
| 945 |
|
|
|a Project MUSE - 2016 Poetry, Fiction and Creative Non-Fiction
|